000 00367nam a2200145Ia 4500
008 200103s9999||||xx |||||||||||||| ||und||
020 _a0070209847,
040 _aIMU-MPC
082 _aColumn-8
100 _aFink, Donald G.
245 0 _aStandard Handbook for Elactrical Engineers
250 _a13th Ed.
260 _bMcGraw-Hill International
_c1993
942 _cBK
999 _c3943
_d3943